000 00508nam a2200181Ia 4500
005 20250326125501.0
008 250326s9999 xx 000 0 und d
037 _aTextbook
040 _aFMSL
_beng
_cFMSL
041 _aeng
_2eng
084 _aX9W:8.1 L1
_qFMSL
100 _aMadon K D P
_9738378
245 0 _aManagement of corporations
_cMadon K D P
260 _aBombay
_bBombay, Progressive Corporation
_c1971
300 _a521p
942 _cTB
_hX9W:8.1 L1
999 _c1278265
_d1278265